[Event "Iberoamerican-ch 9th"]
[Site "Panama City"]
[Date "2023.11.26"]
[Round "2"]
[White "Viana, Valeria"]
[Black "Rodriguez, Bruno Andre"]
[Result "1-0"]
[WhiteElo "1834"]
[BlackElo "1422"]
[PlyCount "105"]
[EventDate "2023.11.25"]
[EventType "swiss"]
[EventRounds "9"]
[EventCountry "PAN"]
[SourceTitle "EXT 2025"]
[Source "ChessBase"]
[SourceDate "2024.10.14"]
[SourceVersion "1"]
[SourceVersionDate "2024.10.14"]
[SourceQuality "1"]

1. e4 e5 2. Nf3 Nc6 3. Bb5 a6 4. Ba4 b5 5. Bb3 Nf6 6. 0-0 Nxe4 7. d4 d5 8. dxe5 Be6 9. c3 Be7 10. Be3 0-0 11. Nbd2 Nc5 12. Bc2 Re8 13. Nb3 Nxb3 14. Bxb3 Na5 15. Nd4 Nc4 16. Nxe6 fxe6 17. Qg4 Bf8 18. Bxc4 bxc4 19. b3 cxb3 20. axb3 c6 21. Qe2 a5 22. Qc2 Qc7 23. f4 c5 24. Ra4 c4 25. bxc4 Bc5 26. Bd4 dxc4 27. Rxc4 Bxd4+ 28. cxd4 Qd7 29. f5 exf5 30. Qxf5 Qd5 31. Qc2 Rf8 32. Rxf8+ Rxf8 33. Ra4 Qb5 34. Qc4+ Qxc4 35. Rxc4 Kf7 36. Kf2 Ke6+ 37. Ke3 Rb8 38. Ke4 Rb2 39. d5+ Kd7 40. e6+ Kd6 41. Rc6+ Ke7 42. Rc7+ Kd6 43. Rd7+ Kc5 44. e7 Re2+ 45. Kd3 Re5 46. Kc3 Re3+ 47. Kb2 Re2+ 48. Kb3 a4+ 49. Ka3 Kc4 50. d6 Re3+ 51. Kxa4 Re1 52. Rc7+ Kd5 53. d7 1-0